Bannu : (Record no. 331176)

000 -LEADER
fixed length control field 00959cam a2200277 i 4500
001 - CONTROL NUMBER
control field 2752277
003 - CONTROL NUMBER IDENTIFIER
control field NUST
005 - DATE AND TIME OF LATEST TRANSACTION
control field 20170921103000.0
008 - FIXED-LENGTH DATA ELEMENTS--GENERAL INFORMATION
fixed length control field 791218r19781876pk 000 0 eng
010 ## - LIBRARY OF CONGRESS CONTROL NUMBER
LC control number 78931257
020 ## - INTERNATIONAL STANDARD BOOK NUMBER
International Standard Book Number 969350951X
040 ## - CATALOGING SOURCE
Original cataloging agency DLC
Transcribing agency DLC
Modifying agency DLC
043 ## - GEOGRAPHIC AREA CODE
Geographic area code a-pk---
050 00 - LIBRARY OF CONGRESS CALL NUMBER
Classification number DS392.B35
Item number T46 1978
082 00 - DEWEY DECIMAL CLASSIFICATION NUMBER
Classification number 954.9122
Author Mark THO
100 1# - MAIN ENTRY--PERSONAL NAME
Personal name Thorburn, S. S.
Fuller form of name (Septimus Smet),
Dates associated with a name 1844-1924.
9 (RLIN) 4731
245 10 - TITLE STATEMENT
Title Bannu :
Remainder of title or, Our Afghan frontier /
Statement of responsibility, etc. by S. S. Thorburn.
260 ## - PUBLICATION, DISTRIBUTION, ETC.
Place of publication, distribution, etc. Lahore :
Name of publisher, distributor, etc. Sang-e-Meel Publications,
Date of publication, distribution, etc. 1978.
300 ## - PHYSICAL DESCRIPTION
Extent x, 480 p. ;
Dimensions 22 cm.
500 ## - GENERAL NOTE
General note Reprint of the 1876 ed. published by Trübner, London.
500 ## - GENERAL NOTE
General note Includes proverbs in Pushto with English translation.
650 #0 - SUBJECT ADDED ENTRY--TOPICAL TERM
Topical term or geographic name entry element Folklore
Geographic subdivision Pakistan
-- Bannu District.
9 (RLIN) 4732
650 #0 - SUBJECT ADDED ENTRY--TOPICAL TERM
Topical term or geographic name entry element Proverbs, Pushto.
9 (RLIN) 4733
651 #0 - SUBJECT ADDED ENTRY--GEOGRAPHIC NAME
Geographic name Bannu District (Pakistan)
9 (RLIN) 4734
740 0# - ADDED ENTRY--UNCONTROLLED RELATED/ANALYTICAL TITLE
Uncontrolled related/analytical title Our Afghan frontier.
906 ## - LOCAL DATA ELEMENT F, LDF (RLIN)
a 7
b cbc
c orignew
d 4
e ncip
f 19
g y-gencatlg
942 ## - ADDED ENTRY ELEMENTS (KOHA)
Source of classification or shelving scheme
Koha item type Book
Holdings
Withdrawn status Lost status Source of classification or shelving scheme Damaged status Not for loan Collection code Permanent Location Current Location Shelving location Date acquired Total Checkouts Full call number Barcode Date last seen Date last checked out Copy number Price effective from Koha item type
            Central Library (CL) Central Library (CL) Book Cart 09/21/2017 1 954.9122 THO CL2906 02/06/2020 01/04/2020 1 09/21/2017 Book
© 2023 Central Library, National University of Sciences and Technology. All Rights Reserved.